|
|
|
|
| LEADER |
01224nam a2200265 a 4500 |
| 001 |
15445 |
| 008 |
130528r19991989ii a b 001 0 eng d |
| 010 |
|
|
|a 77073953
|
| 020 |
|
|
|a 0201000229
|
| 020 |
|
|
|a 8185015619
|
| 040 |
|
|
|a DLC
|c DLC
|d DLC
|d BD-DhAAL
|
| 082 |
0 |
0 |
|a 001.6/425
|
| 100 |
1 |
|
|a Aho, Alfred V.
|
| 245 |
1 |
0 |
|a Principles of compiler design /
|c Alfred V. Aho, Jeffrey D. Ullman.
|
| 260 |
|
|
|a New Dellhi :
|b Narosa Publishing ;
|a Reading, Mass. :
|b Addison-Wesley Pub. Co.,
|c 1989 [22 reprint 1999].
|
| 300 |
|
|
|a xii, 612 p. :
|b ill. ;
|c 24 cm.
|
| 490 |
0 |
|
|a Addison-Wesley series in computer science and information processing.
|
| 504 |
|
|
|a Includes bibliography (570-590 p.) and index.
|
| 541 |
|
|
|e 15445
|
| 650 |
|
0 |
|a Compilers (Computer programs)
|
| 700 |
1 |
|
|a Ullman, Jeffrey D.,
|d 1942-
|e joint author.
|
| 852 |
1 |
|
|a Ayesha Abed Library
|j General shelf.
|
| 999 |
|
|
|c 13508
|d 13508
|
| 952 |
|
|
|0 0
|1 0
|2 ddc
|4 0
|6 001_642500000000000_AHO
|7 0
|9 22544
|a BRACUL
|b BRACUL
|c GEN
|d 2013-05-30
|l 6
|m 45
|o 001.6425 AHO
|p 3010015445
|r 2024-12-12
|s 2024-10-30
|t 1
|w 2013-05-30
|y BK
|
| 952 |
|
|
|0 0
|1 0
|2 ddc
|4 0
|6 001_642500000000000_AHO
|7 0
|9 22545
|a BRACUL
|b BRACUL
|c GEN
|d 2013-05-30
|l 10
|m 70
|o 001.6425 AHO
|p 3010015446
|r 2023-12-28
|s 2023-10-01
|t 2
|w 2013-05-30
|y BK
|